=LDR 00000nam 2200000 4500 =001 INLIS000000000058195 =990 ##$$a 3202100776 =005 20210831102204 =035 ##$$a 0010-0821000120 =007 ta =008 210831###########################0#ind## =020 ##$$a 979-9392-27-6 =082 ##$$a R. 297.103 =084 ##$$a R. 297.103 Ahs k =245 1#$$a Kamus Ilmu Al-Qur'an /$c Drs. Ahsin W. Al-Hafidz,M.A. =250 ##$$a Cet.1 =300 ##$$a vii,329 halaman ; $c 24 cm =650 #4$$a Al-qur'an- Kamus =264 ##$$a jakarta :$b Amzah,$c 2005 =336 ##$$a teks$2 rdacontent =337 ##$$a lain-lain$2 rdamedia =338 ##$$a lain-lain$2 rdacarrier =990 ##$$a 07760776